Микроэкономика: учебник

מידע ביבליוגרפי
מחבר ראשי: Тарасевич Л. С. Леонид Степанович
מחבר תאגידי: Санкт-Петербургский государственный университет экономики и финансов (СПбГУЭФ)
מחברים אחרים: Гребенников П. И. Петр Ильич, Леусский А. И. Александр Иванович
סיכום:Книга является четвертым переработанным и дополненным изданием учебника по стандартному учебному курсу «Микроэкономика». Учебник имеет оригинальную структуру, способствующую комплексному усвоению курса и овладению инструментами микроэкономического анализа, содержит углубленное изложение микроэкономического раздела современной экономической теории, а также сборник учебных задач с решениями. Для студентов, аспирантов и преподавателей экономических факультетов и вузов.
שפה:רוסית
יצא לאור: Москва, Юрайт, 2006
מהדורה:4-е изд., испр. и доп.
סדרה:Университеты России
Высшее образование
נושאים:
פורמט: MixedMaterials ספר
KOHA link:https://koha.lib.tpu.ru/cgi-bin/koha/opac-detail.pl?biblionumber=70651

MARC

LEADER 00000nam0a2200000 4500
001 70651
005 20231031081758.0
010 |a 5948794105 
035 |a (RuTPU)RU\TPU\book\75216 
090 |a 70651 
100 |a 20041125d2006 m y0rusy50 ca 
101 0 |a rus 
102 |a RU 
105 |a a j 001zy 
200 1 |a Микроэкономика  |e учебник  |f Л. С. Тарасевич, П. И. Гребенников, А. И. Леусский   |g Санкт-Петербургский государственный университет экономики и финансов 
205 |a 4-е изд., испр. и доп. 
210 |a Москва  |c Юрайт  |d 2006 
215 |a 374 с.  |c ил. 
225 1 |a Университеты России 
225 1 |a Высшее образование 
320 |a Словарь терминов: с. 295-305. 
330 |a Книга является четвертым переработанным и дополненным изданием учебника по стандартному учебному курсу «Микроэкономика». Учебник имеет оригинальную структуру, способствующую комплексному усвоению курса и овладению инструментами микроэкономического анализа, содержит углубленное изложение микроэкономического раздела современной экономической теории, а также сборник учебных задач с решениями. Для студентов, аспирантов и преподавателей экономических факультетов и вузов. 
451 1 |0 (RuTPU)RU\TPU\book\130259  |y 978-5-94879-655-0  |t Микроэкономика  |o учебник  |f Л. С. Тарасевич, П. И. Гребенников, А. И. Леусский   |g Санкт-Петербургский государственный университет экономики и финансов  |e 5-е изд., испр. и доп.  |c М.  |n Юрайт  |d 2007  |p 391с.  |s Университеты России  |a Тарасевич, Леонид Степанович 
610 1 |a экономика 
610 1 |a экономическая теория 
610 1 |a микроэкономика 
610 1 |a предложение 
610 1 |a спрос 
610 1 |a потребительский спрос 
610 1 |a потребители 
610 1 |a ценообразование 
610 1 |a совершенная конкуренция 
610 1 |a государственное регулирование 
610 1 |a цена 
610 1 |a монополитическая конкуренция 
610 1 |a несовершенная конкуренция 
610 1 |a олигополия 
610 1 |a факторы производства 
610 1 |a экономическое равновесие 
610 1 |a общественное благосостояние 
610 1 |a внешняя торговля 
610 1 |a задачи 
610 1 |a решение 
610 1 |a учебники 
686 |a У012.1я73  |v LBC/SL-A  |2 rubbk 
700 1 |a Тарасевич  |b Л. С.  |g Леонид Степанович 
701 1 |a Гребенников  |b П. И.  |g Петр Ильич 
701 1 |a Леусский  |b А. И.  |g Александр Иванович 
712 0 2 |a Санкт-Петербургский государственный университет экономики и финансов (СПбГУЭФ)  |c (1991- )  |2 stltpush  |3 (RuTPU)RU\TPU\col\151 
801 1 |a RU  |b 63413507  |c 20041125  |g PSBO 
801 2 |a RU  |b 63413507  |c 20210416  |g PSBO 
900 |a Микроэкономика 
942 |c BK 
952 |b 080100 
959 |a 18/20060226  |d 2  |e 178,20  |f НФ:1  |f АНЛ:1 
959 |a 41/20060602  |d 1  |e 235,00  |f ЧЗГЛ:1